000 02098cam a22004694i 4500
003 PE-LiUPU
005 20250731173343.0
008 150706s r 000 0 d
020 _a9788484077282
035 _a(Sirsi) i9788484077282
040 _aPE-LiUPU
_bspa
_cPE-LiUPU
_erda
049 _aPRUA
082 0 4 _a296.88
_bF62
_221
100 1 _aFleg, Edmond,
_eautor.
245 1 0 _aMoisés :
_bcontado por los sabios /
_cEdmond Fleg.
264 1 _aMadrid :
_bEdibesa,
_c2007.
300 _a245 páginas ;
_c21 centímetros
336 _atext
_2rdacontent
337 _aunmediated
_2rdamedia
338 _avolume
_2rdacarrier
490 0 _aVida y misión ;
_v144
505 0 _aLa vida de Moisés -- El sueño del Faraón -- El niño salvado de las aguas -- El hijo de Bithia -- La huida a Madián -- El pastor fiel -- El cayado de zafiro -- Las diez plagas -- El mar que se secó -- El camino de los milagros -- La voz de la montaña -- La escuela del cielo -- El becerro de oro -- La gloria del tabernáculo -- El día de las diez coronas -- Moisés, nuestro maestro -- El camino de las pruebas -- El racimo de uvas de Canaán -- La rebelión de Coré -- La lección del desierto -- Los nuevos hijos -- El camino de las victorias -- El ídolo de Moab -- El crepúsculo del profeta -- El íntimo abrazo de Dios.
526 _aSEG42
526 _aSEG41
526 _aSEG40
526 _aSEG39
526 _aP94
526 _aP87
526 _aP86
526 _aP85
526 _aP77
526 _aP76
526 _aP35
541 _g007-0020317;
650 0 4 _aMoisés.
910 _agl
_bjv
_clch
_d20091007
942 _2ddc
_cBOOK
949 _a296.88 F62
_wDEWEY
_c1
_i60352
_lCCODEBUL1
_mBUL
_p19.00
_r0
_sY
_tBOOK
_u2015-7-6
_xTEOLOGIA
_zUNKNOWN
_0COMPRA
_o.STAFF. Colección General
994 _aC0
_bPEPRU
596 _a1
999 _a296.88 F62
_wDEWEY
_c49814
_i60352
_f2021-11-11
_g5
_lCCODEBUL1
_mBUL
_p19.00
_r0
_sY
_tBOOK
_u2015-7-6
_xTEOLOGIA
_zUNKNOWN
_0COMPRA
_o.STAFF. Colección General
_d49814
980 _81
_gALBERTO SANCHEZ Responsable de Automatización